000 00389nam a22001697a 4500
005 20160629165842.0
008 160629b xxu||||| |||| 00| 0 eng d
020 _a81-7371-317-0
041 _aeng
082 _b10862
100 _aMaitland, Iain
_9477
245 _aManaging Your Time
260 _bUniversityes Press
_c2008
300 _a78
650 _aManagement
_9241
942 _cBK
999 _c4770
_d4768